[Event "Hessen-ch op-B"]
[Site "Frankfurt Sossenheim"]
[Date "2015.??.??"]
[Round "4"]
[White "Kuersten, Susanne"]
[Black "Juhnke, Peter"]
[Result "0-1"]
[WhiteElo "1786"]
[BlackElo "1900"]
[PlyCount "62"]
[EventDate "2015.05.13"]
[EventType "swiss"]
[EventRounds "7"]
[EventCountry "GER"]
[SourceTitle "EXT 2016"]
[Source "ChessBase"]
[SourceDate "2015.10.08"]
[SourceVersion "1"]
[SourceVersionDate "2015.10.08"]
[SourceQuality "1"]

1. e4 e6 2. d4 d5 3. exd5 exd5 4. Nf3 Nc6 5. Bd3 Bd6 6. 0-0 Nge7 7. Re1 Bg4 8. c3 Qd7 9. Bg5 f6 10. Bh4 0-0-0 11. Nbd2 h5 12. Bg3 Bxg3 13. fxg3 h4 14. gxh4 Rxh4 15. Qc2 Rh6 16. b4 Kb8 17. Qa4 g6 18. Bb5 Qd6 19. Re2 Bd7 20. Rae1 g5 21. g3 Ng6 22. Qb3 g4 23. Nh4 Nxh4 24. gxh4 Rxh4 25. Nf1 Nxd4 26. cxd4 Bxb5 27. Re6 Qf4 28. Qb2 Rdh8 29. Ng3 Qxg3+ 30. hxg3 Rh1+ 31. Kf2 R1h2+ 0-1

[Event "Leipzig VfB op 20th"]
[Site "Leipzig"]
[Date "2013.03.09"]
[Round "9"]
[White "Kuersten, Susanne"]
[Black "Hiemer, Bernd"]
[Result "0-1"]
[WhiteElo "1793"]
[BlackElo "2017"]
[PlyCount "130"]
[EventDate "2013.03.05"]
[EventType "swiss"]
[EventRounds "9"]
[EventCountry "GER"]
[SourceTitle "EXT 2014"]
[Source "ChessBase"]
[SourceDate "2013.11.20"]
[SourceVersion "1"]
[SourceVersionDate "2013.11.20"]
[SourceQuality "1"]

1. e4 d6 2. d4 Nf6 3. Nc3 g6 4. g3 Bg7 5. Bg2 0-0 6. Nge2 c6 7. 0-0 e5 8. h3 b5 9. a3 Qe8 10. Be3 Na6 11. Rb1 Be6 12. f4 exd4 13. Bxd4 c5 14. Bf2 Rd8 15. Qd3 Bc4 16. Qf3 b4 17. axb4 cxb4 18. b3 Bxe2 19. Nxe2 Rc8 20. c3 bxc3 21. Nxc3 Ng4 22. Qxg4 Rxc3 23. Rfd1 Qe7 24. Qe2 Nc5 25. b4 Ne6 26. Qd2 Rfc8 27. Qxd6 Qxd6 28. Rxd6 Rc2 29. f5 Nc7 30. Rbd1 Be5 31. Rd8+ Rxd8 32. Rxd8+ Kg7 33. Bxa7 Bxg3 34. Bd4+ Kh6 35. Be3+ Kg7 36. fxg6 hxg6 37. Bd4+ Kh6 38. Be3+ g5 39. Rh8+ Kg7 40. Bd4+ f6 41. Rd8 Ne6 42. Rd7+ Kg6 43. Be3 Re2 44. Rd3 Bf4 45. Bf2 Rb2 46. Be1 Be5 47. Bd2 Bc7 48. Bc3 Rxg2+ 49. Kxg2 Nf4+ 50. Kf3 Nxd3 51. Ke3 Nf4 52. h4 Ng2+ 53. Kf3 Nxh4+ 54. Kg4 Ng2 55. Bd2 Bf4 56. Bxf4 Nxf4 57. b5 Ne6 58. b6 Nd8 59. Kf3 Kh5 60. Kg3 Nb7 61. Kf3 Kh4 62. Ke3 g4 63. Kd4 g3 64. Kd5 g2 65. Ke6 Kg5 0-1

[Event "Leipzig VfB op 20th"]
[Site "Leipzig"]
[Date "2013.03.09"]
[Round "7"]
[White "Maczkowiak, Thomas"]
[Black "Kuersten, Susanne"]
[Result "1-0"]
[WhiteElo "1937"]
[BlackElo "1793"]
[PlyCount "137"]
[EventDate "2013.03.05"]
[EventType "swiss"]
[EventRounds "9"]
[EventCountry "GER"]
[SourceTitle "EXT 2014"]
[Source "ChessBase"]
[SourceDate "2013.11.20"]
[SourceVersion "1"]
[SourceVersionDate "2013.11.20"]
[SourceQuality "1"]

1. Nf3 Nf6 2. g3 g6 3. Bg2 Bg7 4. 0-0 0-0 5. c4 d6 6. Nc3 c5 7. d4 cxd4 8. Nxd4 Nbd7 9. b3 Rb8 10. Bb2 Nc5 11. Qd2 Bd7 12. Rfd1 Qb6 13. Nd5 Nxd5 14. cxd5 Rbc8 15. Rac1 a5 16. Rc4 Qa7 17. Rdc1 Rc7 18. Qe3 Bf6 19. R4c2 Rfc8 20. Be4 Qb8 21. Bd3 Nxd3 22. Qxd3 Be5 23. e3 Rc5 24. f4 Bf6 25. e4 Qa7 26. Rxc5 Rxc5 27. Rd1 Qb6 28. Kg2 Qc7 29. Rd2 Bg7 30. Ne2 Bb5 31. Qe3 Bxb2 32. Rxb2 Rc2 33. Rxc2 Qxc2 34. Kf3 Qd1 35. Kf2 Qc2 36. Kf3 Qxa2 37. Nd4 Bd7 38. h4 Qa3 39. e5 Qc5 40. Qe4 Bf5 41. Nxf5 gxf5 42. Qxf5 Qxd5+ 43. Kf2 Qe6 44. Qg5+ Kf8 45. exd6 b6 46. dxe7+ Qxe7 47. Qh6+ Ke8 48. Qxb6 Qa3 49. Kf3 Qb2 50. Qb8+ Kd7 51. Qb5+ Kd6 52. Qb6+ Ke7 53. Qc7+ Ke6 54. Qc8+ Ke7 55. Qc5+ Ke6 56. f5+ Kd7 57. Qd5+ Ke7 58. Qb7+ Ke8 59. Qb5+ Ke7 60. Qe2+ Qxe2+ 61. Kxe2 Kf6 62. g4 Ke5 63. Kf3 f6 64. Ke3 h6 65. Kf3 Kd4 66. g5 hxg5 67. hxg5 Ke5 68. g6 Kxf5 69. g7 1-0

[Event "Leipzig VfB op 20th"]
[Site "Leipzig"]
[Date "2013.03.06"]
[Round "3"]
[White "Kuersten, Susanne"]
[Black "Ziese, Gerhard"]
[Result "1-0"]
[WhiteElo "1793"]
[BlackElo "1998"]
[PlyCount "103"]
[EventDate "2013.03.05"]
[EventType "swiss"]
[EventRounds "9"]
[EventCountry "GER"]
[SourceTitle "EXT 2014"]
[Source "ChessBase"]
[SourceDate "2013.11.20"]
[SourceVersion "1"]
[SourceVersionDate "2013.11.20"]
[SourceQuality "1"]

1. e4 e5 2. Nf3 Nc6 3. Bc4 Nf6 4. d3 Be7 5. c3 0-0 6. Bb3 d5 7. exd5 Nxd5 8. 0-0 Bf5 9. Re1 Bf6 10. h3 h6 11. Na3 Nb6 12. Bc2 Qd7 13. Qe2 Rfe8 14. Be3 Nd5 15. Nc4 Rad8 16. Rad1 b5 17. Na3 a6 18. Qf1 Qd6 19. d4 e4 20. Nh2 Nxc3 21. bxc3 Qxa3 22. Bb3 Na5 23. Bc1 Qd6 24. Bc2 c5 25. dxc5 Qxc5 26. Rxd8 Bxd8 27. Bd2 Nc4 28. Be3 Qc6 29. Bd4 Bb6 30. Qe2 Bg6 31. Ng4 f5 32. Ne3 Nd6 33. Bb3+ Kh7 34. Nd5 Bxd4 35. cxd4 Bf7 36. Nb4 Qb7 37. Rc1 Nc4 38. Qd1 a5 39. Nc2 f4 40. Qg4 Qb8 41. Qd7 Kg8 42. Qc6 a4 43. Bxc4 Bxc4 44. Na3 Bxa2 45. Nxb5 Bb3 46. d5 Qe5 47. d6 Kh7 48. Rc5 Qe6 49. Nc7 Rc8 50. Nxe6 Rxc6 51. Rxc6 Bxe6 52. Rc7 1-0

[Event "Leipzig VfB op 19th"]
[Site "Leipzig"]
[Date "2012.03.06"]
[Round "1"]
[White "Koch, Markus"]
[Black "Kuersten, Susanne"]
[Result "1-0"]
[WhiteElo "2079"]
[BlackElo "1776"]
[PlyCount "55"]
[EventDate "2012.03.06"]
[EventType "swiss"]
[EventRounds "9"]
[EventCountry "GER"]
[SourceTitle "CBM 147 Extra"]
[Source "ChessBase"]
[SourceDate "2012.04.24"]
[SourceVersion "1"]
[SourceVersionDate "2012.04.24"]
[SourceQuality "1"]

1. d4 d5 2. c4 e6 3. Nf3 Nf6 4. g3 Be7 5. Bg2 c6 6. 0-0 0-0 7. Qc2 Nbd7 8. Nbd2 b6 9. b3 Bb7 10. Bb2 Rc8 11. e4 dxe4 12. Nxe4 Nxe4 13. Qxe4 Nf6 14. Qc2 Qc7 15. Rfe1 h6 16. Nh4 Rfd8 17. Rad1 c5 18. d5 exd5 19. Nf5 Bf8 20. Nxh6+ gxh6 21. Bxf6 Re8 22. cxd5 Qd6 23. Qf5 Bg7 24. Bxg7 Kxg7 25. Be4 Qg6 26. Qxc8 Rxc8 27. Bxg6 Kxg6 28. Re7 1-0

[Event "Dresden ZMDI Blitz"]
[Site "Dresden"]
[Date "2011.08.10"]
[Round "5"]
[White "Hoops, Christian"]
[Black "Kuersten, Susanne"]
[Result "1-0"]
[WhiteElo "2037"]
[BlackElo "1782"]
[PlyCount "33"]
[EventDate "2011.08.06"]
[EventType "swiss (blitz)"]
[EventRounds "9"]
[EventCountry "GER"]
[SourceTitle "EXT 2022"]
[Source "ChessBase"]
[SourceDate "2021.10.06"]
[SourceVersion "1"]
[SourceVersionDate "2021.10.06"]
[SourceQuality "1"]

1. d4 d5 2. c4 e6 3. Nc3 Nf6 4. cxd5 Nxd5 5. e4 Nxc3 6. bxc3 Be7 7. Nf3 0-0 8. Bd3 b6 9. e5 Bb7 10. h4 c5 11. Bxh7+ Kh8 12. Ng5 g6 13. Qg4 Kg7 14. Nxe6+ fxe6 15. Qxg6+ Kh8 16. Qh5 Rg8 17. Bg6+ 1-0

[Event "Dresden ZMDI Blitz"]
[Site "Dresden"]
[Date "2011.08.07"]
[Round "2"]
[White "Kuersten, Susanne"]
[Black "Schulz, Manfred1111"]
[Result "0-1"]
[WhiteElo "1782"]
[BlackElo "1921"]
[PlyCount "62"]
[EventDate "2011.08.06"]
[EventType "swiss (blitz)"]
[EventRounds "9"]
[EventCountry "GER"]
[SourceTitle "EXT 2022"]
[Source "ChessBase"]
[SourceDate "2021.10.06"]
[SourceVersion "1"]
[SourceVersionDate "2021.10.06"]
[SourceQuality "1"]

1. e4 c5 2. Nf3 Nc6 3. g3 g6 4. Bg2 Bg7 5. 0-0 d6 6. d3 e6 7. Nbd2 Nge7 8. a4 0-0 9. Nc4 d5 10. exd5 exd5 11. Ne3 h6 12. Re1 Be6 13. h3 Qd7 14. Kh2 a6 15. c3 b5 16. Bd2 Rfb8 17. Qc2 f5 18. Nf1 g5 19. Re2 Bf7 20. Rae1 Ng6 21. b4 cxb4 22. cxb4 g4 23. hxg4 fxg4 24. Nh4 Nd4 25. Qc1 Nxe2 26. Rxe2 Nxh4 27. gxh4 Qd8 28. Ng3 Qxh4+ 29. Kg1 Rc8 30. Qe1 Qf6 31. Re5 Qxe5 0-1

[Event "Leipzig VfB op 16th"]
[Site "Leipzig"]
[Date "2009.04.02"]
[Round "4"]
[White "Dunne, Paul"]
[Black "Kuersten, Susanne"]
[Result "1-0"]
[WhiteElo "1840"]
[BlackElo "1533"]
[PlyCount "87"]
[EventDate "2009.03.31"]
[EventType "swiss"]
[EventRounds "9"]
[EventCountry "GER"]
[SourceTitle "EXT 2010"]
[Source "ChessBase"]
[SourceDate "2010.11.25"]
[SourceVersion "1"]
[SourceVersionDate "2010.11.25"]
[SourceQuality "1"]

1. e4 e5 2. d4 exd4 3. c3 d3 4. Bxd3 d6 5. Be3 Nf6 6. f3 Be6 7. Nd2 Be7 8. Ne2 0-0 9. g4 Nc6 10. Ng3 Ne5 11. Bc2 h6 12. Qe2 Nh7 13. Nf5 Bh4+ 14. Nxh4 Qxh4+ 15. Bf2 Qf6 16. 0-0-0 Ng5 17. Bh4 Nexf3 18. Bxg5 Nxg5 19. h4 Nh7 20. Kb1 g6 21. Rdg1 Qg7 22. Nf3 Rfe8 23. Nd4 Nf8 24. Nf5 Qh8 25. Qd2 Bxf5 26. gxf5 h5 27. Rg5 Qf6 28. Rhg1 Re5 29. Bb3 Kg7 30. Rxh5 Rxe4 31. Qh6+ Kg8 32. Rhg5 Rae8 33. Rxg6+ Nxg6 34. Rxg6+ Qxg6 35. Qxg6+ Kh8 36. Qh6+ Kg8 37. a3 Re1+ 38. Ka2 Rg1 39. Qf6 Rg7 40. h5 Kf8 41. Qh6 Kg8 42. f6 Rg2 43. Bc2 Ree2 44. Bh7+ 1-0

[Event "Leipzig VfB op 15th"]
[Site "Leipzig"]
[Date "2008.02.29"]
[Round "6"]
[White "Riedel, Bert"]
[Black "Kuersten, Susanne"]
[Result "0-1"]
[WhiteElo "1656"]
[BlackElo "1446"]
[PlyCount "52"]
[EventDate "2008.02.26"]
[EventType "swiss"]
[EventRounds "9"]
[EventCountry "GER"]
[SourceTitle "CBM 123 Extra"]
[Source "ChessBase"]
[SourceDate "2008.05.06"]
[SourceVersion "1"]
[SourceVersionDate "2008.05.06"]
[SourceQuality "1"]

1. e4 e5 2. f4 exf4 3. Nf3 d6 4. Bc4 Be7 5. 0-0 Nc6 6. d4 Nf6 7. Nc3 0-0 8. Bxf4 Qe8 9. Qd2 Nd8 10. Bd3 Ne6 11. e5 dxe5 12. dxe5 Bc5+ 13. Kh1 Ng4 14. h3 Nxf4 15. Qxf4 Nf2+ 16. Rxf2 Bxf2 17. Ng5 h6 18. Nh7 Bc5 19. Ne4 Qe7 20. Nxf8 Qxf8 21. Rf1 Be6 22. Nxc5 Qxc5 23. Qe4 g6 24. Qxb7 Bd5 25. Qa6 Qe3 26. Qf6 Qxh3+ 0-1